Municipios de Lanzarote en una mapa - Estadísticas

Estadísticas generales
  • Esta prueba ha sido intentada 265 veces
  • La puntuación promedio es 6 de 7
Respuestas en el mapa
Las respuestas están codificadas por una escala verde-roja en el mapa de la prueba según el % correcto abajo.
 
Estadísticas de respuestas
Municipio Población % Correcto
Arrecife 63 750
97%
Yaiza 16 924
83%
Teguise 23 411
81%
Tías 21 083
81%
Haría 5382
79%
San Bartolomé 18 989
70%
Tinajo 6573
64%
No se encontraron pruebas coincidentes
Distribución de puntuación
Porcentaje de gente con cada puntuación
Porcentaje por número respondido
Historial de tus puntuaciones
No has intentado esta prueba.